|
|
|
|
| LEADER |
01603cam a2200373 a 4500 |
| 001 |
c000226207 |
| 003 |
CARM |
| 005 |
20061129090607.0 |
| 008 |
931013s1993 nyua b 101 0 eng d |
| 010 |
|
|
|a 93071646
|
| 019 |
1 |
|
|a 10582778
|z 10939036
|5 LACONCORD2021
|
| 020 |
|
|
|a 0791809730
|
| 035 |
|
|
|a (OCoLC)28626962
|5 LACONCORD2021
|
| 040 |
|
|
|a MdU
|b eng
|c MdU
|d DLC
|
| 042 |
|
|
|a lccopycat
|
| 050 |
|
0 |
|a TA357.5.M84
|b G366 1993
|
| 050 |
0 |
0 |
|a TA357.5.M84
|b G366 1993
|
| 082 |
0 |
0 |
|a 620.1/064
|2 20
|
| 245 |
0 |
0 |
|a Gas-liquid flows, 1993 :
|b presented at the Fluids Engineering Conference, Washington, D.C., June 20-24, 1993 /
|c sponsored by the Fluids Engineering Division, ASME ; edited by U.S. Rohatgi ... [et al.].
|
| 260 |
|
|
|a New York :
|b American Society of Mechanical Engineers,
|c c1993.
|
| 300 |
|
|
|a vi, 223 p. :
|b ill. ;
|c 28 cm.
|
| 490 |
1 |
|
|a FED ;
|v vol. 165
|
| 504 |
|
|
|a Includes bibliographical references and index.
|
| 650 |
|
0 |
|a Two-phase flow
|v Congresses.
|
| 650 |
|
0 |
|a Fluid dynamics
|v Congresses.
|
| 650 |
|
0 |
|a Fluid dynamics
|v Congresses.
|
| 700 |
1 |
|
|a Rohatgi, Upendra S.
|
| 710 |
2 |
|
|a American Society of Mechanical Engineers.
|b Fluids Engineering Division.
|
| 711 |
2 |
|
|a Fluids Engineering Conference
|d (1993 :
|c Washington, D.C.)
|
| 711 |
2 |
|
|a Fluids Engineering Conference
|d (1993 :
|c Washington, D.C.)
|
| 830 |
|
0 |
|a FED (Series) ;
|v v. 165.
|
| 852 |
8 |
|
|b CARM
|h A2:AB22H0
|i F01160
|p 0317255
|f BK
|
| 999 |
f |
f |
|i 079fc9b7-5edd-516a-af94-a7d734d5578e
|s 0f3751ce-5923-5889-b465-bc7f3cc8a4a8
|
| 952 |
f |
f |
|p Can circulate
|a CAVAL
|b CAVAL
|c CAVAL
|d CARM 1 Store
|e F01160
|f A2:AB22H0
|h Other scheme
|i book
|m 0317255
|